000 00272nam a2200121Ia 4500
005 20251222143152.0
008 251222s9999||||xx |||||||||||||| ||spa||
082 _a530/P46
100 _aPérez Terrel, Walter
245 0 _aFísica:
264 _bSan Marcos
942 _cLIB
999 _c12720
_d12720